000 00400nam a2200145Ia 4500
008 230917s9999||||xx |||||||||||||| ||und||
040 _e41590
_aMAIN
041 _aEnglish
082 _a942 B681I
100 _aBowle, John
245 4 _aThe imperial achievement: the rise and transformation of the British empire
260 _aHarmondworth
_bPenguin Books
_c1977
300 _a592 p.
942 _cBK
999 _c197142
_d197142